|
|
|
|
| LEADER |
00000nam2a2200000 4500 |
| 001 |
90479 |
| 005 |
20231031103542.0 |
| 035 |
|
|
|a (RuTPU)RU\TPU\book\97022
|
| 035 |
|
|
|a RU\TPU\book\97021
|
| 090 |
|
|
|a 90479
|
| 100 |
|
|
|a 20060209d1957 k y0rusy50 ca
|
| 101 |
0 |
|
|a rus
|
| 102 |
|
|
|a RU
|
| 105 |
|
|
|a y a 001zy
|
| 200 |
0 |
|
|a Т. 1 : Издания, вышедшие из печати в 1956 г.
|f сост. Э. А. Кононова, Д. С. Березина, О. П. Соколова; под ред. С. П. Луппова, К. И. Шафрановского
|
| 210 |
|
|
|d 1957
|
| 215 |
|
|
|a 342 с.
|
| 320 |
|
|
|a Указ. в конце кн.: с. 197 - 342.
|
| 461 |
|
1 |
|0 (RuTPU)RU\TPU\book\97018
|t Библиография изданий Академии наук СССР
|o ежегодник
|f Академия наук СССР, Библиотека АН СССР
|v Т. 1 : Издания, вышедшие из печати в 1956 г.
|d 1957 -.
|
| 610 |
1 |
|
|a Академия наук СССР
|
| 610 |
1 |
|
|a научно-исследовательские работы
|
| 610 |
1 |
|
|a библиографический учет
|
| 610 |
1 |
|
|a библиографические указатели
|
| 610 |
1 |
|
|a ежегодники
|
| 686 |
|
|
|a Я175
|v LBC/SL-A
|2 rubbk
|
| 702 |
|
1 |
|a Кононова
|b Э. А.
|4 220
|
| 702 |
|
1 |
|a Березина
|b Д. С.
|4 220
|
| 702 |
|
1 |
|a Соколова
|b О. П.
|4 220
|
| 702 |
|
1 |
|a Луппов
|b С. П.
|4 340
|
| 702 |
|
1 |
|a Шафрановский
|b К. И.
|4 340
|
| 801 |
|
1 |
|a RU
|b 63413507
|c 20060209
|g PSBO
|
| 801 |
|
2 |
|a RU
|b 63413507
|c 20111020
|g PSBO
|
| 942 |
|
|
|c BK
|